00292nam a22001217a 4500020001800000041001200018082001500030100003300045245002300078260004200101300000700143650002000150 a81-237-2248-6 aEnglish a394.26 NAT aNational Book Trust of India aFestivals of India aNew DelhibNational Book Trust c1982 a92 aFestivals-India